01486nam a22003137a 45000010005000000030006000050050017000110080041000280400029000690820010000981000028001082450168001362460026003042600035003303000048003654900035004135050008004485200416004565210028008725210020009006100025009206500057009456510036010026510055010387000017010937000019011107000020011297000023011491519FISKH20231002085625.0230901b cb ||||| |||| 00| 0 eng d aFISKHbengcFISKHdFISKH a959.6 aSun Heng Meng Chheang.  aExploring AngkorbAngkor Wat & Bayon cWritten by Sun Heng Meng Chheang and Huot Sarith with contributions from Olivier Cunin, Bertrand Porte and Dominigue Soutif. aAngkor Wat and Bayon  aPhnom Penh : bSipar, c2012.  a51 pages : bcolor illustrations ; c20 cm  aI would like to know vPart 1  aZ'  aWritten in English, Exploring Angkor Part 1 (Angkor Wat and Bayon) guides readers to know more about Angkor Wat and Bayon temple based on understanding the low reliefs of those temples. Each low relief provides different information and story: some are history, mythology, Indian Epics (Mahabarata and Ramayana) and daily life (Bayon). Moreover, it also demonstrates the belief of Hinduism based on the reliefs.8 a1000 bLexile estimate 8 aZ' bRaz-Plus  2Angkor Wat (Angkor)  aBuddhist temples zCambodia zAngkor (Extinct city)  aAngkor (Extinct city)xHistory  aAngkor (Extinct city) xDiscovery and exploration. aHuot Sarith. aCunin, Olivier aPorte, Bertrand aSoutif, Dominique